| 000 | 00428nam a2200157 i 4500 | ||
|---|---|---|---|
| 001 | bg | ||
| 100 | 1 | _aHALASZ, Robert von | |
| 245 | 0 |
_aIndustrialisierung der Bautechnik : _bBauen und Stahlbetonfertigteilen / _cRobert von Halasz. |
|
| 260 |
_aDüsseldorf : _bWerner, _c1967. |
||
| 300 |
_a296 s. : _bil. |
||
| 040 | _cBPK | ||
| 041 | _apol | ||
| 080 | _a666.97/.98 | ||
| 942 | _cKS | ||
| 008 | s pl f |000 0 pol | ||
| 999 |
_c11723 _d11723 |
||
| 856 |
_uhttp://koha.tu.koszalin.pl/cgi-bin/koha/opac-detail.pl?biblionumber=11723 _yKatalog online BPK |
||